Historia de la obstetricia y de la ginecología en España / (Record no. 147636)

MARC details
000 -LEADER
campo de control de longitud fija 00495nam a2200157 i 4500
001 - NÚMERO DE CONTROL
campo de control 147636
003 - IDENTIFICADOR DE NÚMERO DE CONTROL
campo de control ES-MaACL
007 - CAMPO FIJO DE DESCRIPCIÓN FÍSICA--INFORMACIÓN GENERAL
campo de control de longitud fija t|
008 - DATOS DE LONGITUD FIJA--INFORMACIÓN GENERAL
campo de control de longitud fija 071004s1944 sp ||||1| spa d
080 ## - NÚMERO DE LA CLASIFICACIÓN DECIMAL UNIVERSAL
Número de la Clasificación Decimal Universal 618.1/2(46)(09)
100 1# - ENTRADA PRINCIPAL--NOMBRE DE PERSONA
Nombre de persona Usandizaga, Manuel.
9 (RLIN) 112292
245 10 - MENCIÓN DEL TÍTULO
Título Historia de la obstetricia y de la ginecología en España /
Mención de responsabilidad, etc. Manuel Usandizaga.
260 ## - PUBLICACIÓN, DISTRIBUCIÓN, ETC.
Lugar de publicación, distribución, etc. Santander :
Nombre del editor, distribuidor, etc. [s.n.],
Fecha de publicación, distribución, etc. 1944 (
Fabricante Aldus)
300 ## - DESCRIPCIÓN FÍSICA
Extensión XVI, 361 p., CXXX lám. :
Otras características físicas il. ;
Dimensiones 22 cm.
852 ## - LOCALIZACIÓN
Ubicación ES-MaACL
Número de control de estantería E-200
Sublocalización o colección R.21220
Holdings
Estatus retirado Estado de pérdida Estado de daño No para préstamo Biblioteca de origen Biblioteca actual Ubicación en estantería Fecha de adquisición Fuente de adquisición Total de préstamos Signatura topográfica completa Código de barras Visto por última vez Precio de reemplazo Tipo de ítem Koha
        Biblioteca del Ateneo de Madrid Biblioteca del Ateneo de Madrid Depósito 2 17/01/2008     E-200 1154072 23/02/2023 23/02/2023 Libro impreso